00373nam a2200121Ia 450000500170000000800460001703700290006304000200009204100130011208400240012524500780014924500240022720250508163301.0008 250505s9999 xx 000 0 eng d aBooks to be hide in OPAC aFEDLbengcFEDL aeng2eng a378.54, DEL/OqFEDL 0aMinutes of the Academic council and executive council.April - Sept. 1985 0cUniversity of Delhi